00626naa a2200193uuc4500001000800000005001700008008004100025035001200066040001300078041000800091080000700099100002900106245007000135260001000205300001500215650003000230651004200260773013000302123777720240202101318.0110406s2010 spa  a1237777 ccomduadb aspa aB/10aBocchi, Davide4auteaut10aColombia y los actores no estatales en el escenario internacional c2010. ap. 411-420 aSociedad civil - Colombia 7aColombiaxRelaciones exteriores2lemb0 tMás allá de la seguridad democrática : agenda hacia nuevos horizontesw1237385z9789587163711w(OCoLC)7770663270571719